00775nam a22002057a 4500999001900000005001700019010001500036020002600051035001400077037001300091082001400104100001500118245008100133260004100214270007900255300002600334500005400360942002800414952012700442 c157799d15779920181001153354.0 aENG-124152 a9788132107019c425.00 aEN-107684 bDBAD/PUB00a954.93032 aMurari, S.10aThe prabhakaran saga:cby S. Muraribthe rise and fall of an eelam warrior / aNew Delhi bSAGE Publications,c2012 aB1/I-1 Mohan Cooperative Industrial Area, Mathura RoadbNew Delhi e110044 axxv,363p.c22cm.(pbk) aIt includes Epilogue, index and about the author  2ddccENh954.93022mMUR 001040718NFICaDBADbZLSd2018-10-01eDBAD/PUBg425.00l0o954.93022 MURpEN-107684r2018-10-01 00:00:00t1v425.00yEN